000 01061nam a22002417a 4500
008 111221s2011 nyu|||||r|||| 001 0deng d
020 _a1435486293
020 _a9781435486294
082 _222
_a613.2
_bROT
100 _928212
_aRoth, Ruth A.
245 _aNutrition & Diet Therapy /
_cRuth A. Roth
246 _aNutrition and Diet Therapy
250 _a10th ed.
260 _aClifton Park, NY :
_bCengage Learning, 2011
_c2011
300 _a567 p. :
_bCol. ill. ;
_c22 cm.
504 _aIncludes bibliographical references (p. 557-560) and index
650 _920992
_aDiet therapy.
650 _919370
_aNutrition.
653 _bNUR
_cDecember2011
942 _2ddc
_cNRB
999 _c16338
_d16338